书目信息 |
| 题名: |
吴起和孙膑
|
|
| 作者: | 周深远 著 | |
| 分册: | ||
| 出版信息: | 北京 中华书局 1981 |
|
| 页数: | 40页 | |
| 开本: | 19cm | |
| 丛书名: | 中国历史小丛书 | |
| 单 册: | ||
| 中图分类: | K825.2 , K-5 | |
| 科图分类: | ||
| 主题词: | 历史 , 地理 | |
| 电子资源: | ||
| ISBN: | ||
| 000 | 00714oam2 2200289 450 | |
| 001 | 1560538746 | |
| 005 | 20150126164924.75 | |
| 010 | @dCNY0.12 | |
| 091 | @a11018.996 | |
| 100 | @a19950623d1981 em y0chiy0110 ea | |
| 101 | 0 | @achi |
| 102 | @aCN@b110000 | |
| 105 | @af z 000yd | |
| 200 | 1 | @a吴起和孙膑@9wu qi he sun bin@f周深远著 |
| 210 | @a北京@c中华书局@d1981 | |
| 215 | @a40页@c图@d19cm | |
| 225 | 2 | @a中国历史小丛书 |
| 461 | 0 | @12001 @a中国历史小丛书 |
| 600 | 0 | @a吴起@x生平事迹 |
| 600 | 0 | @a孙膑@x生平事迹 |
| 606 | 0 | @a历史 |
| 606 | 0 | @a地理 |
| 690 | @aK825.2@v5 | |
| 690 | @aK-5@v4 | |
| 701 | 0 | @a周深远@9zhou shen yuan@4著 |
| 801 | 0 | @aCN@bTSSF@c20150126 |
| 905 | @aZUCC@dK-5@eJY17 | |
| 吴起和孙膑/周深远著.-北京:中华书局,1981 |
| 40页:图;19cm.-(中国历史小丛书) |
| ISBN :CNY0.12 |
| ● |
| 相关链接 |
|
|
|
|
正题名:吴起和孙膑
索取号:K-5/JY17
 
预约/预借
| 序号 | 登录号 | 条形码 | 馆藏地/架位号 | 状态 | 备注 |
| 1 | 7838419 | 278384197 | 学院路分馆/ [索取号:K-5/JY17] | 在馆 |